000 03042cam a22005774i 4500
003 PE-LiUPU
005 20250731173240.0
008 150616s r 000 0 d
035 _a(Sirsi) a3527
040 _aPE-LiUPU
_bspa
_cPE-LiUPU
_erda
049 _aPRUA
082 0 4 _a251
_bK41
_221
100 1 _aKennedy, D. James,
_eautor.
245 1 0 _aEvangelismo Explosivo.
264 1 _aMaracaibo :
_bEditorial Libertador,
_c1975.
300 _a150 páginas :
_bilustraciones cuadros ;
_c21 cm.
336 _atext
_2rdacontent
337 _aunmediated
_2rdamedia
338 _avolume
_2rdacarrier
490 0 _aPrograma de evangelización para laicos
505 0 _aAdiestramiento de los laicos para el evangelismo -- Principios básicos y procedimientos prácticos -- Presentación del evangelio -- Empleo apropiado del testimonio cristiano -- Cómo hacerle frente a las objeciones -- Ilustraciónes -- Breve reglamento para el evangelizador personal -- Conservación de los resultados de la evangelización -- Análisis de la conservación inmediata -- La condición de miembro del nuevo convertido en la iglesia -- Libretes y folletos que se recomiendan para la evangelización personal y el trabajo de conservación.
526 _aSEG42
526 _aSEG41
526 _aSEG40
526 _aSEG39
526 _aP94
526 _aP87
526 _aP86
526 _aP85
526 _aP77
526 _aP76
526 _aP35
650 0 4 _aORATORIA SAGRADA.
650 0 4 _aTEOLOGIA PASTORAL.
_91381
910 _ajck
_bjvq
_cjck
942 _2ddc
_cBOOK
949 _a251 K41
_wDEWEY
_c1
_i15217
_lCCODEBUL1
_mBUL
_p00.00
_r0
_sY
_tBOOK
_u19770317
_xTEOLOGIA
_zUNKNOWN
_0COMPRA
_o.STAFF. Colección General
949 _a251 K41
_wDEWEY
_c2
_i15137
_lCCODEBUL1
_mBUL
_p00.00
_r0
_sY
_tBOOK
_u19770317
_xTEOLOGIA
_zUNKNOWN
_0COMPRA
_o.STAFF. Colección General
949 _a251 K41
_wDEWEY
_c3
_i15139
_lCCODEBUL1
_mBUL
_p00.00
_r0
_sY
_tBOOK
_u19770317
_xTEOLOGIA
_zUNKNOWN
_0COMPRA
_o.STAFF. Colección General
949 _a251 K41
_wDEWEY
_c4
_i15140
_lCCODEBUL1
_mBUL
_p00.00
_r0
_sY
_tBOOK
_u19770317
_xTEOLOGIA
_zUNKNOWN
_0COMPRA
_o.STAFF. Colección General
994 _aC0
_bPEPRU
596 _a1
999 _a251 K41
_wDEWEY
_c43215
_i15217
_f2021-11-12
_g5
_lCCODEBUL1
_mBUL
_r0
_sY
_tBOOK
_u2015-6-16
_xTEOLOGIA
_zUNKNOWN
_0COMPRA
_o.STAFF. Colección General
_d43215
999 _a251 K41
_wDEWEY
_c2
_i15137
_d2018-3-7
_f2019-12-10
_g4
_lCCODEBUL1
_mBUL
_q1
_r0
_sY
_tBOOK
_u2015-6-16
_xTEOLOGIA
_zUNKNOWN
_0COMPRA
_o.STAFF. Colección General
999 _a251 K41
_wDEWEY
_c3
_i15139
_f2019-12-10
_g4
_lCCODEBUL1
_mBUL
_r0
_sY
_tBOOK
_u2015-6-16
_xTEOLOGIA
_zUNKNOWN
_0COMPRA
_o.STAFF. Colección General
999 _a251 K41
_wDEWEY
_c4
_i15140
_f2019-12-10
_g4
_lDISCARD
_mBUL
_r1
_sY
_tBOOK
_u2015-6-16
_xTEOLOGIA
_zUNKNOWN
_0COMPRA
_o.STAFF. Colección General
980 _81
_gALBERTO SANCHEZ Responsable de Automatización